| 000 | 00765nmc a2200289 a 4500 | ||
|---|---|---|---|
| 003 | AR-BaBNM | ||
| 005 | 20251128202901.0 | ||
| 008 | 057019s1966 ||||||||||||||000 | spa|| | ||
| 040 | _cAR-BaBNM | ||
| 100 | 1 |
_aMansilla, Lucio V. _d1831-1913 |
|
| 245 | 1 | 0 | _aCharlas inéditas |
| 260 |
_aBuenos Aires _bEudeba _c1966 |
||
| 300 | 0 | _a107 p. | |
| 490 | 0 |
_aSerie del siglo y medio _vv. 100 |
|
| 650 | 4 | _aHISTORIA ARGENTINA | |
| 650 | 4 | _aLITERATURA ARGENTINA | |
| 650 | 4 | _aGENERACION DE 1880 | |
| 650 | 4 | _aESCRITORES | |
| 650 | 4 | _aSIGLO DIECINUEVE | |
| 650 | 4 | _aANTOLOGIAS | |
| 653 | 0 | _aNARRATIVA | |
| 655 | _aLITERATURA | ||
| 700 | 1 |
_aKruchowski, Raúl Armando _eprologuista |
|
| 700 | 1 |
_aEmbrioni, Héctor _eilustrador |
|
| 942 | _cBK | ||
| 998 | _cMARTIN | ||
| 999 |
_c1033 _d1033 |
||